000 00427nam a2200169Ia 4500
005 20250508152655.0
008 008 250505s9999 xx 000 0 eng d
037 _aTextual
040 _aFEDL
_beng
_cFEDL
041 _aeng
_2eng
084 _a750, ANA
_qFEDL
245 0 _aChavda
260 _aNew Delhi, India
_bLalit Kala Akadami
300 _a28p.
942 _cTEXL
_h750, ANA
999 _c1337975
_d1337975